| 000 | 00639cam a2200205 i 4500 | ||
|---|---|---|---|
| 005 | 20131030094827.0 | ||
| 008 | 750619s1975 gw a b 000 0 ger | ||
| 020 | _a3428032985 : | ||
| 041 | 0 | _ager | |
| 080 |
_a316.343 _x(31) |
||
| 100 | 1 | _aMayer, Klaus Wolfgang. | |
| 245 | 1 | 0 |
_aDynamik sozialen Verhaltens : _cvon Klaus W. Mayer. |
| 260 |
_aBerlin : _bDuncker und Humblot, _c1975. |
||
| 300 |
_a124 p. : _bill. ; _c24 cm. |
||
| 500 | _aEinleitung : f. [9] - 16 | ||
| 504 | _aBibliography: p. [120]-124. | ||
| 650 | 0 | _aPsikologjia sociale | |
| 650 | 0 |
_aShkencat shoqërore _xHulumtim |
|
| 942 |
_2udc _cBK |
||
| 999 |
_c215 _d215 |
||